000 00669nam a2200193 i 4500
001 22640
003 ES-MaACL
005 20230906152731.0
007 t|
008 021204s1923 sp ||||1| spa d
100 1 _aAltimiras Mezquita, Manuel.
_920543
245 1 0 _aHuelgas y "lock-outs" en los diversos países
_b: estudio estadístico comparativo /
_cManuel Altimiras Mezquita.
260 _aMadrid :
_b[s.n.,
_c1923] (
_fSob. de Suc. de Minuesa)
300 _a99 p.
490 1 _aPublicaciones del Instituto de Reformas Sociales
830 0 _aPublicaciones del Instituto de Reformas Sociales
_9229002
852 _aES-MaACL
_j1653-F-16
999 _c22640
_d22640